• 首页
  • 本馆介绍
  • 公告通知
  • 最新文献
  • 馆藏检索
  • 电子资源
  • 读者导购
  • 参考咨询
  • 我的图书馆
  • 登录
  • 详细信息显示
  • 放入我的书架
  • 预约/预借图书
  • 作者相关作品
  • 分类相关作品
  • 丛书相关作品
  • 出版社相关作品

书目信息

  • 表格格式
  • 工作单格式
  • 卡片格式
题名:
最牦牛
    
 
作者: 吴雨初 著
分册:  
出版信息: 拉萨   西藏人民出版社  2015.11
页数: 271页
开本: 20cm
丛书名:
单 册:
中图分类: S823.8-282.75
科图分类:
主题词: 牦牛--博物馆--概况--西藏
电子资源:
ISBN: 978-7-223-04922-1
000 00880nam0 2200217 450
001 4536
005 20181012111222.13
010    @a978-7-223-04922-1@b精装@dCNY59.80
100    @a20160826d2015 em y0chiy50 ea
101 0  @achi
102    @aCN@b540000@b110000
105    @aa z 000yy
200 1  @a最牦牛@9zui mao niu@e西藏牦牛博物馆建馆历程@f吴雨初著
210    @a拉萨@c西藏人民出版社@a北京@c北京十月文艺出版社@d2015.11
215    @a271页@c照片@d20cm
330    @a本书以牦牛博物馆的创意为契机,以整个创建过程为主线,讲述了作者在创建牦牛博物馆过程中所发生的和所历经的人和事,作者以平实的语言,娓娓道来,字里行间充满了对西藏高原、对各族人民、对牦牛的感情。记载了牦牛与牧人之间最真实的感情。
606 0  @a牦牛@x博物馆@x概况@y西藏
690    @aS823.8-282.75@v5
701  0 @a吴雨初@9wu yu chu@f(1954-)@4著
801  0 @aCN@b91MARC@c20160826
905    @aMuseLib@dS823.8-282.75@e166
    
    最牦牛:西藏牦牛博物馆建馆历程/吴雨初著.-拉萨:西藏人民出版社;北京:北京十月文艺出版社,2015.11
    271页:照片;20cm
    
    
    ISBN 978-7-223-04922-1(精装):CNY59.80
    本书以牦牛博物馆的创意为契机,以整个创建过程为主线,讲述了作者在创建牦牛博物馆过程中所发生的和所历经的人和事,作者以平实的语言,娓娓道来,字里行间充满了对西藏高原、对各族人民、对牦牛的感情。记载了牦牛与牧人之间最真实的感情。
●
相关链接 在E读中查询图书 在五车中查询图书 在当当中查询图书 在豆瓣中查询图书


正题名:最牦牛     索取号:S823.8-282.75/166         预约/预借

序号 登录号 条形码 馆藏地/架位号 状态 备注
1 1125596   211255960   第二样本阅览室/ [索取号:S823.8-282.75/166] 在馆    
2 1125597   211255979   密集书库-资源管理系/ [索取号:S823.8-282.75/166] 在馆    
3 1125598   211255988   第三借阅区/ [索取号:S823.8-282.75/166] 在馆    
4 1125599   211255997   第三借阅区/ [索取号:S823.8-282.75/166] 在馆    
5 1125600   211256004   第三借阅区/ [索取号:S823.8-282.75/166] 在馆    
唐山师范学院图书馆 欢迎您!
大连网信软件有限公司© 版权所有